Tersánszky Józsi Jenő novellisztikája

Elmentve itt :
Bibliográfiai részletek
Szerző: Hum Krisztina
További közreműködők: Kovács András (Témavezető)
Dokumentumtípus: Szakdolgozat
Megjelent: 2002
Tárgyszavak:
Online Access:http://diploma.bibl.u-szeged.hu/43571
LEADER 00540nta a2200157 i 4500
001 dipl43571
005 20140808134532.0
008 140808s2002 hu om 0|| zxx d
040 |a SZTE Diploma Repozitórium  |b hun 
041 |a zxx 
100 1 |a Hum Krisztina 
245 1 0 |a Tersánszky Józsi Jenő novellisztikája  |h [elektronikus dokumentum] /  |c Krisztina Hum 
260 |c 2002 
650 4 |a Bölcsészettudományok 
700 1 |a Kovács András  |e ths 
856 4 0 |u http://diploma.bibl.u-szeged.hu/id/eprint/43571/1/2002_hum_krisztina.pdf  |z Dokumentum-elérés